| 000 | 00729cam a2200193 4500 | ||
|---|---|---|---|
| 001 | WS107412 | ||
| 008 | 000000n 000 0 eng u | ||
| 035 | _a(Sirsi) u107412 | ||
| 110 |
_aEmpty Homes Agency _9219 |
||
| 245 | _aEmpty Homes Agency | ||
| 520 | _aSite for this independent housing charity which exists to highlight the problems of empty and underused homes and property. It includes detailed statistics on empty homes and discussion forums. | ||
| 650 | _aEMPTY PROPERTY | ||
| 650 | 0 | _aDISCUSSION LISTS | |
| 650 | 0 | _aCOMMUNITY ACTION ON EMPTY HOMES | |
| 650 | _aEMPTY HOMES | ||
| 690 | _aHOUSING | ||
| 856 | 4 | 0 |
_uhttps://www.emptyhomes.com/ _zView the website free of charge at www.emptyhomes.com/... |
| 942 | _n0 | ||
| 999 |
_c119540 _d119540 |
||